000 00584cam a22002171 4500
001 ne 63000671
003 DLC
005 20260227111743.0
008 970323s1962 le a 000 1 arar
010 _ane 63000671
025 _aPL480: UAR-1838
035 _a(OCoLC)36599379
040 _aDLC
_cOrPS
_dDLC
042 _apremarc
050 0 0 _aPJ7846.A55
_bA79
100 1 _aManṣūr, Anīs
245 1 0 _aAlwān min al-ḥubb
_c[taʼlīf] Anīs Manṣūr.
260 _aBayrūt,
_bMaktabat al-Maʻārif
_c[1962?]
300 _a403 p.
_billus.
_c20 cm.
500 _aShort stories.
999 _c45740
_d45740